Очарователните странности на другите (Запис номер 328004)
[ съкратено ]
| 000 -Лидер | |
|---|---|
| Контролно поле с фиксирана дължина | 01075aam a2200277 a 4500 |
| 003 - Код на организацията, давaща контролен номер | |
| Контролно поле | BLK |
| 005 - Дата и час на последна редакция | |
| Контролно поле | 20250625090548.0 |
| 008 - Елементи от данни с фиксирана дължина | |
| fixed length control field | 180719b bul||||| |||| 00| 0 bul d |
| 020 ## - Международен стандартен номер на книга ISBN | |
| Международен стандартен номер на книга ISBN | 9789543652198 |
| 040 ## - Източник на каталожния запис | |
| Идентификатор на билиотеката - собственик на записа | BLK |
| 041 ## - Код за език | |
| Код за езика на текст/звукозапис или на отделно заглавие | Български |
| Код за езика КДБФ | Български |
| 080 ## - УДК | |
| Текстов определител УДК | Шотландска литература на англ. ез. (вж и 891.63) |
| УДК код - определител по УДК | 821.111(411) |
| УДК - код + определител | 821.111(411)-31 |
| УДК определител | -31 |
| 100 ## - Редна дума - Автор | |
| Автор | Маккол Смит, Алегзандър |
| Авторска отговорност | първи автор |
| R(LIN) | 285901 |
| 139 ## - Редно поле | |
| Редна дума | Маккол Смит, Алегзандър |
| Авторски знак | Мак - М 19 |
| 245 ## - Сведения за заглавието | |
| Заглавие | Очарователните странности на другите |
| Редно поле (дума) | Алегзандър Маккол Смит, прев.от англ. Боряна Джанабетска. |
| 260 ## - Област на издателските данни | |
| Име на издателя, разпространителя и проч. | Еднорог |
| Година на издаване | 2018 |
| Място на издаване, разпространение и проч. | София |
| 300 ## - Физическа характеристика | |
| Страници | 288 с. |
| Размери/Мащаб | 20 см |
| 380 ## - Жанр | |
| Жанр | Худож. лит. |
| 700 ## - Други автори (авторска отговорност) | |
| Лично име | Джанабетска, Боряна Ангелова, 1957- |
| 9 (RLIN) | 364686 |
| 999 ## - СИСТЕМНИ КОНТРОЛНИ НОМЕРА | |
| Koha biblionumber | 328004 |
| Koha biblioitemnumber | 328004 |
| 942 ## - АРТИКУЛИ | |
| Вид на библиотечния материал | Книги |
| Източник на класификационната схема | Universal Decimal Classification |
| Скрит в OPAC | Не |
| Koha issues (borrowed), all copies | 27 |
| Периодичен библиозапис | Да |
| 999 ## - СИСТЕМНИ КОНТРОЛНИ НОМЕРА | |
| Koha biblioitemnumber | 328004 |
| 999 ## - СИСТЕМНИ КОНТРОЛНИ НОМЕРА | |
| Koha biblioitemnumber | 323547 |
| 999 ## - СИСТЕМНИ КОНТРОЛНИ НОМЕРА | |
| Koha biblioitemnumber | 323547 |
| 999 ## - СИСТЕМНИ КОНТРОЛНИ НОМЕРА | |
| Koha biblioitemnumber | 323547 |
| 944 ## - СЪЗДАВАНЕ И РЕДАКЦИЯ на ЗАПИСА | |
| Служител, извършил регистрацията/редакцията | 30552 |
| Статус, дата на статуса | Виолета Тройчева |
| Код за отписване | Код за изгубен артикул | Източник на класификационната схема | Код за повреда | Код за отдаване | Артикулен № | Име на библиотеката - собственик | Име на библиотеката, в която се намира в момента | Статус (Текущо местоположение) | Дата на вписване в системата | Местоположение - отдел | Цена в лева | Систематично азбучна сигнатура | Баркод | Цена в евро | Служебен тип на артикула | Коз за рестрикции |
|---|---|---|---|---|---|---|---|---|---|---|---|---|---|---|---|---|
| Не е изгубен | Universal Decimal Classification | Не е повреден | заемане за дома | 687797 | Регионална библиотека "Любен Каравелов" Русе | Регионална библиотека "Любен Каравелов" Русе | Заемна - подръчен фонд | 2018-12-27 | Заемна - подръчен фонд | 15.90 | П 820(73)-31/М 19 | 120000828813 | 8.13 | Книги | ||
| Не е изгубен | Universal Decimal Classification | Не е повреден | заемане за дома | 800267 | Регионална библиотека "Любен Каравелов" Русе | Регионална библиотека "Любен Каравелов" Русе | Заемна - подръчен фонд | 2020-09-21 | Заемна - подръчен фонд | 9.55 | 821-31/М 19 А | 120000847609 | 4.88 | Книги | без рестрикции | |
| Не е изгубен | Universal Decimal Classification | Не е повреден | ползва се в читалня | 835985 | Регионална библиотека "Любен Каравелов" Русе | Регионална библиотека "Любен Каравелов" Русе | Хранилище | 2021-06-10 | Хранилище | 15.90 | Цб 307699 | 120000856083 | 8.13 | Книги | само за читалня |